[Event "MCR_O184"]
[Site "?"]
[Date "2004.??.??"]
[Round "?"]
[White "Esterka, Jan"]
[Black "Kudr, Roman"]
[Result "0-1"]
[WhiteElo "1800"]
[BlackElo "1857"]
[PlyCount "82"]
[EventDate "2004.??.??"]
[EventType "corr"]
[EventRounds "2"]
[SourceDate "2005.03.12"]

1. e4 e5 2. Nf3 Nf6 3. Nc3 Nc6 4. Bc4 Bc5 5. d3 d6 6. Bg5 Na5 7. Bb3 c6 8. h3
h6 9. Bh4 g5 10. Bg3 Nxb3 11. axb3 a6 12. d4 exd4 13. Nxd4 Rg8 14. Qd2 Nh5 15.
O-O-O Nxg3 16. fxg3 Qa5 17. Na4 Qxd2+ 18. Rxd2 Ba7 19. Re1 g4 20. h4 Kf8 21. c4
Kg7 22. Nc3 Re8 23. Nc2 a5 24. Rde2 Be6 25. Ne3 Rad8 26. Rf1 Bd4 27. Nf5+ Bxf5
28. Rxf5 Re5 29. Rxe5 dxe5 30. Nd1 f5 31. exf5 Kf6 32. Kc2 Kxf5 33. Nf2 Bxf2
34. Rxf2+ Ke6 35. b4 axb4 36. Kb3 c5 37. Ka4 b6 38. Kb5 Rd6 39. Ka6 e4 40. Re2
Ke5 41. Kb7 Rf6 0-1

[Event "MCR_O184"]
[Site "?"]
[Date "2004.??.??"]
[Round "?"]
[White "Esterka, Jan"]
[Black "Novak, Jindrich"]
[Result "1-0"]
[WhiteElo "1800"]
[BlackElo "1800"]
[PlyCount "41"]
[EventDate "2004.??.??"]
[EventType "corr"]
[EventRounds "2"]
[SourceDate "2005.03.12"]

1. e4 b6 2. Nf3 Bb7 3. Bc4 e6 4. d3 Nf6 5. O-O Be7 6. Nc3 O-O 7. e5 Nd5 8. d4
Nxc3 9. bxc3 c5 10. d5 exd5 11. Bxd5 Nc6 12. c4 Kh8 13. Bb2 f6 14. Re1 fxe5 15.
Nxe5 Bf6 16. f4 Na5 17. Qh5 Bxd5 18. Ng6+ Kg8 19. Qxd5+ Rf7 20. Bxf6 hxg6 21.
Re7 1-0

[Event "MCR_O184"]
[Site "?"]
[Date "2004.??.??"]
[Round "?"]
[White "Esterka, Jan"]
[Black "Pressl, Ladislav"]
[Result "1/2-1/2"]
[WhiteElo "1800"]
[BlackElo "1970"]
[PlyCount "77"]
[EventDate "2004.??.??"]
[EventType "corr"]
[EventRounds "2"]
[SourceDate "2005.03.12"]

1. e4 e5 2. Nf3 Nc6 3. Bc4 Bc5 4. O-O Nf6 5. d3 d6 6. h3 Na5 7. Bb3 Nxb3 8.
axb3 O-O 9. Bg5 Be6 10. d4 exd4 11. Nxd4 h6 12. Bxf6 Qxf6 13. c3 a6 14. Nxe6
fxe6 15. Qe2 Rf7 16. Nd2 Raf8 17. Nf3 Qg6 18. Nd4 e5 19. Nf5 d5 20. Rae1 Bb6
21. Kh1 dxe4 22. Ne3 Rf4 23. Nd5 R4f7 24. Nxb6 cxb6 25. b4 b5 26. Qxe4 Qxe4 27.
Rxe4 Rxf2 28. Rxf2 Rxf2 29. Rxe5 Rxb2 30. Re7 Rc2 31. Rxb7 Rxc3 32. Ra7 Rb3 33.
Rxa6 Rxb4 34. Ra7 Kh7 35. Kh2 Rb3 36. Ra6 g5 37. Ra7+ Kg6 38. Ra6+ Kf5 39. Rxh6
1/2-1/2

[Event "MCR_O184"]
[Site "?"]
[Date "2004.??.??"]
[Round "?"]
[White "Esterka, Jan"]
[Black "Ptacek, Jiri"]
[Result "1/2-1/2"]
[WhiteElo "1800"]
[BlackElo "1800"]
[PlyCount "77"]
[EventDate "2004.??.??"]
[EventType "corr"]
[EventRounds "2"]
[SourceDate "2005.03.12"]

1. e4 g6 2. Nf3 d6 3. Bc4 Nf6 4. Nc3 Bg7 5. d4 O-O 6. O-O Bg4 7. h3 Bxf3 8.
Qxf3 c6 9. e5 dxe5 10. dxe5 Nfd7 11. e6 fxe6 12. Bxe6+ Kh8 13. Qe2 Nf6 14. Bg5
Na6 15. Rad1 Qa5 16. Bh4 Nc5 17. Bb3 Nxb3 18. axb3 Rfe8 19. Rd3 Rad8 20. Rxd8
Qxd8 21. Rd1 Qc7 22. Qe6 Rd8 23. Re1 Qd7 24. Qxe7 Qxe7 25. Rxe7 Rd2 26. Rxb7
Rxc2 27. Rxa7 Rxb2 28. Ra8+ Ng8 29. Ne4 h6 30. Nf6 Rb1+ 31. Kh2 Bxf6 32. Bxf6+
Kh7 33. Ra7+ Ne7 34. Rxe7+ Kg8 35. Rg7+ Kf8 36. Rxg6 Rxb3 37. Rxh6 c5 38. Bg5
Rb2 39. Be3 1/2-1/2

[Event "MCR_O184"]
[Site "?"]
[Date "2004.??.??"]
[Round "?"]
[White "Esterka, Jan"]
[Black "Sindelar, Frantisek"]
[Result "0-1"]
[WhiteElo "1800"]
[BlackElo "1823"]
[PlyCount "60"]
[EventDate "2004.??.??"]
[EventType "corr"]
[EventRounds "2"]
[SourceDate "2005.03.12"]

1. e4 e6 2. d4 d5 3. exd5 exd5 4. c4 Qe7+ 5. Be3 dxc4 6. Bxc4 Qb4+ 7. Nd2 Qxb2
8. Rb1 Qa3 9. Ngf3 Nd7 10. O-O Nb6 11. d5 Be7 12. Re1 Nxc4 13. Nxc4 Qa6 14. Qd4
Kf8 15. Bf4 Bf5 16. Bxc7 Bxb1 17. d6 Bf6 18. Nfe5 Bf5 19. d7 Be6 20. d8=Q+ Bxd8
21. Bxd8 Nf6 22. Qc5+ Kg8 23. Bxf6 gxf6 24. Re3 h6 25. Rg3+ Kh7 26. Ra3 Rhc8
27. Qb4 Qb6 28. Qe1 Bxc4 29. Qe4+ Kh8 30. Nxc4 Qb2 0-1

[Event "MCR_O184"]
[Site "?"]
[Date "2004.??.??"]
[Round "?"]
[White "Esterka, Jan"]
[Black "Zabrodsky, Zdenek"]
[Result "1-0"]
[WhiteElo "1800"]
[BlackElo "2000"]
[PlyCount "80"]
[EventDate "2004.??.??"]
[EventType "corr"]
[EventRounds "2"]
[SourceDate "2005.03.12"]

1. e4 e5 2. Nf3 Nf6 3. Nc3 Nc6 4. Bc4 Bc5 5. d3 d6 6. h3 h6 7. Nh4 Na5 8. Nf5
Bxf5 9. exf5 Nxc4 10. dxc4 Qd7 11. Qf3 c6 12. O-O O-O-O 13. Be3 Rhe8 14. Na4
Bd4 15. Rad1 e4 16. Qe2 Bxe3 17. fxe3 Re5 18. Qf2 Qe7 19. b4 Ne8 20. Nc3 f6 21.
b5 Nc7 22. a4 Qf7 23. Qe2 c5 24. Nd5 Nxd5 25. cxd5 Rg8 26. c4 g6 27. fxg6 Qxg6
28. Qg4+ f5 29. Qxg6 Rxg6 30. Rf4 h5 31. Kh2 Kc7 32. a5 Rg5 33. Rdf1 Kd7 34. h4
Rg4 35. Rxf5 Rxh4+ 36. Kg3 Rg4+ 37. Kh2 Rxf5 38. Rxf5 Ke7 39. Rxh5 Rg7 40. Rh4
Kf6 1-0

[Event "MCR_O184"]
[Site "?"]
[Date "2004.??.??"]
[Round "?"]
[White "Kudr, Roman"]
[Black "Esterka, Jan"]
[Result "1-0"]
[WhiteElo "1857"]
[BlackElo "1800"]
[PlyCount "51"]
[EventDate "2004.??.??"]
[EventType "corr"]
[EventRounds "2"]
[SourceDate "2005.03.12"]

1. d4 Nf6 2. c4 g6 3. Nc3 d5 4. Qb3 dxc4 5. Qxc4 Bg7 6. e4 O-O 7. Nf3 c6 8. Be2
b5 9. Qb3 a5 10. Qc2 Ne8 11. O-O Nc7 12. Rd1 f5 13. d5 fxe4 14. dxc6 Qe8 15.
Qxe4 Nxc6 16. Nxb5 Nxb5 17. Bxb5 Bb7 18. Ng5 Rf6 19. Bc4+ e6 20. Nxe6 Kh8 21.
Qe3 Qe7 22. Nxg7 Qxg7 23. Bd2 Nb4 24. Bc3 Nc2 25. Qg5 Raf8 26. Rd8 1-0

[Event "MCR_O184"]
[Site "?"]
[Date "2004.??.??"]
[Round "?"]
[White "Kudr, Roman"]
[Black "Novak, Jindrich"]
[Result "1-0"]
[WhiteElo "1857"]
[BlackElo "1800"]
[PlyCount "61"]
[EventDate "2004.??.??"]
[EventType "corr"]
[EventRounds "2"]
[SourceDate "2005.03.12"]

1. d4 Nf6 2. c4 d6 3. Nf3 Bg4 4. Nc3 c6 5. h3 Bh5 6. g4 Bg6 7. Nh4 e5 8. Bg2
Nbd7 9. Be3 Qc7 10. d5 Be7 11. dxc6 bxc6 12. g5 Nh5 13. Nxg6 hxg6 14. Nb5 cxb5
15. Bxa8 O-O 16. Bd5 bxc4 17. Rc1 Nb6 18. b3 c3 19. Bxb6 axb6 20. e3 Bxg5 21.
Rg1 Bh6 22. Qd3 Nf6 23. Rxc3 Qa7 24. b4 Rd8 25. Rxg6 Kh8 26. Rg3 Nxd5 27. Qxd5
f5 28. Rg6 f4 29. Rxd6 Rxd6 30. Qxd6 Qxa2 31. Qf8+ 1-0

[Event "MCR_O184"]
[Site "?"]
[Date "2004.??.??"]
[Round "?"]
[White "Kudr, Roman"]
[Black "Pressl, Ladislav"]
[Result "1/2-1/2"]
[WhiteElo "1857"]
[BlackElo "1970"]
[PlyCount "59"]
[EventDate "2004.??.??"]
[EventType "corr"]
[EventRounds "2"]
[SourceDate "2005.03.12"]

1. d4 Nf6 2. c4 e6 3. Nf3 b6 4. g3 Bb7 5. Bg2 d5 6. cxd5 exd5 7. Nc3 Be7 8. O-O
O-O 9. Bf4 c5 10. Ne5 cxd4 11. Nb5 Nh5 12. e3 Nxf4 13. exf4 Ba6 14. Qb3 Bxb5
15. Qxb5 a6 16. Qxd5 Qxd5 17. Bxd5 Ra7 18. Rad1 Bc5 19. b4 Bxb4 20. Rxd4 Bc5
21. Rd3 Re7 22. Kg2 Rfe8 23. Rfd1 Kf8 24. Kf3 f6 25. Nc6 Nxc6 26. Bxc6 Rc8 27.
Rd8+ Rxd8 28. Rxd8+ Kf7 29. Ra8 a5 30. f5 1/2-1/2

[Event "MCR_O184"]
[Site "?"]
[Date "2004.??.??"]
[Round "?"]
[White "Kudr, Roman"]
[Black "Ptacek, Jiri"]
[Result "1-0"]
[WhiteElo "1857"]
[BlackElo "1800"]
[PlyCount "87"]
[EventDate "2004.??.??"]
[EventType "corr"]
[EventRounds "2"]
[SourceDate "2005.03.12"]

1. d4 d5 2. c4 dxc4 3. Nf3 Nf6 4. e3 e6 5. Bxc4 c5 6. O-O cxd4 7. Nxd4 Nc6 8.
Nxc6 Qxd1 9. Rxd1 bxc6 10. b3 Be7 11. Bb2 O-O 12. Nc3 Rd8 13. Rxd8+ Bxd8 14.
Rd1 Bb7 15. Na4 Bb6 16. Bxf6 gxf6 17. Rd7 Bc8 18. Rd6 Bb7 19. Be2 Rd8 20. Rxd8+
Bxd8 21. Nc5 Bc8 22. Bf3 Be7 23. b4 Bxc5 24. bxc5 Bb7 25. g4 Kg7 26. Be4 Kh6
27. Kg2 Kg7 28. f4 Kh6 29. Kg3 Kg7 30. Kh4 Kh6 31. a3 a6 32. h3 e5 33. Bf5 a5
34. Bd7 Kg6 35. Kg3 Kg7 36. Kf3 Kf8 37. fxe5 fxe5 38. g5 Kg7 39. Kg4 Kg6 40. h4
h5+ 41. gxh6 Kxh6 42. Kf5 Kh5 43. Kxe5 Kxh4 44. Kd6 1-0

[Event "MCR_O184"]
[Site "?"]
[Date "2004.??.??"]
[Round "?"]
[White "Kudr, Roman"]
[Black "Sindelar, Frantisek"]
[Result "1/2-1/2"]
[WhiteElo "1857"]
[BlackElo "1823"]
[PlyCount "67"]
[EventDate "2004.??.??"]
[EventType "corr"]
[EventRounds "2"]
[SourceDate "2005.03.12"]

1. d4 Nf6 2. c4 g6 3. Nc3 d5 4. Qb3 dxc4 5. Qxc4 Nbd7 6. Nf3 Nb6 7. Qd3 Be6 8.
e4 Bg7 9. Qc2 c6 10. Be2 Bg4 11. Be3 O-O 12. O-O Ne8 13. Rfd1 Nd6 14. Bf4 f5
15. e5 Ne4 16. Qb3+ Nd5 17. Nxd5 cxd5 18. Qxb7 Rb8 19. Qxa7 Rxb2 20. Re1 e6 21.
a4 Bxf3 22. gxf3 Rf7 23. Qa6 Ng5 24. Kg2 Rb6 25. Qd3 Rfb7 26. a5 Rb3 27. Qa6
Rb8 28. h4 Nf7 29. Qxe6 Qxh4 30. Be3 Rxe3 31. fxe3 Qg5+ 32. Kf1 Qh5 33. Kg2
Qg5+ 34. Kf1 1/2-1/2

[Event "MCR_O184"]
[Site "?"]
[Date "2004.??.??"]
[Round "?"]
[White "Kudr, Roman"]
[Black "Zabrodsky, Zdenek"]
[Result "1-0"]
[WhiteElo "1857"]
[BlackElo "2000"]
[PlyCount "59"]
[EventDate "2004.??.??"]
[EventType "corr"]
[EventRounds "2"]
[SourceDate "2005.03.12"]

1. d4 d5 2. c4 c6 3. Nf3 Nf6 4. Nc3 e6 5. e3 Bb4 6. Bd3 dxc4 7. Bxc4 c5 8. a3
Bxc3+ 9. bxc3 Qa5 10. Bd2 Nc6 11. O-O O-O 12. Qc2 cxd4 13. cxd4 Qd8 14. Bd3 h6
15. Rfd1 Bd7 16. Rac1 Rc8 17. Qb2 b5 18. e4 a6 19. Rc5 Qb6 20. Rdc1 Rfd8 21.
Be3 Qb7 22. Bf4 Be8 23. a4 Na7 24. Be5 Nxe4 25. Rc7 Rxc7 26. Rxc7 Qa8 27. Qc2
Nd6 28. Bh7+ Kh8 29. Bxg7+ Kxg7 30. Qg6+ 1-0

[Event "MCR_O184"]
[Site "?"]
[Date "2004.??.??"]
[Round "?"]
[White "Novak, Jindrich"]
[Black "Esterka, Jan"]
[Result "1-0"]
[WhiteElo "1800"]
[BlackElo "1800"]
[PlyCount "57"]
[EventDate "2004.??.??"]
[EventType "corr"]
[EventRounds "2"]
[SourceDate "2005.03.12"]

1. Nf3 g6 2. c4 Bg7 3. Nc3 Nf6 4. g3 O-O 5. Bg2 Nc6 6. O-O d5 7. d4 Bg4 8. Ne5
Be6 9. Bg5 Nxe5 10. dxe5 Ne4 11. cxd5 Nxc3 12. bxc3 Bc8 13. Bf4 g5 14. Bxg5
Bxe5 15. Qd3 Qd6 16. Rab1 Qa3 17. c4 Qxd3 18. exd3 Bf5 19. Rb3 f6 20. Be3 c6
21. dxc6 bxc6 22. Bxc6 Rab8 23. d4 Bc7 24. Rc1 Rfc8 25. d5 a5 26. Ba7 Rxb3 27.
axb3 Be5 28. Bb6 Bb2 29. Re1 1-0

[Event "MCR_O184"]
[Site "?"]
[Date "2004.??.??"]
[Round "?"]
[White "Novak, Jindrich"]
[Black "Kudr, Roman"]
[Result "0-1"]
[WhiteElo "1800"]
[BlackElo "1857"]
[PlyCount "62"]
[EventDate "2004.??.??"]
[EventType "corr"]
[EventRounds "2"]
[SourceDate "2005.03.12"]

1. Nf3 c5 2. b3 d5 3. Bb2 Nc6 4. e3 Nf6 5. d4 Bg4 6. Be2 e6 7. O-O Rc8 8. Nbd2
cxd4 9. exd4 Bd6 10. h3 Bh5 11. g4 Bg6 12. Ne5 Bxc2 13. Qxc2 Nxe5 14. Nc4 Nxc4
15. bxc4 dxc4 16. Bxc4 O-O 17. Qe2 Nd5 18. Bxd5 exd5 19. Qb5 a6 20. Qb3 h5 21.
Kg2 hxg4 22. hxg4 Qh4 23. Rh1 Qxg4+ 24. Kf1 Rfe8 25. Qd3 Re4 26. Re1 f5 27.
Rxe4 Qxe4 28. Qh3 Rc2 29. Qh8+ Kf7 30. Qh5+ Kf6 31. Rg1 Qd3+ 0-1

[Event "MCR_O184"]
[Site "?"]
[Date "2004.??.??"]
[Round "?"]
[White "Novak, Jindrich"]
[Black "Pressl, Ladislav"]
[Result "0-1"]
[WhiteElo "1800"]
[BlackElo "1970"]
[PlyCount "36"]
[EventDate "2004.??.??"]
[EventType "corr"]
[EventRounds "2"]
[SourceDate "2005.03.12"]

1. Nf3 c6 2. b3 Nf6 3. Bb2 d5 4. g3 Bg4 5. Bg2 Nbd7 6. O-O Qc7 7. d4 Bxf3 8.
Bxf3 e5 9. e4 dxe4 10. dxe5 Nxe5 11. Bxe4 Bd6 12. f4 Nxe4 13. Re1 O-O-O 14. Kg2
f5 15. Qh5 Qf7 16. Qxf7 Nxf7 17. Bxg7 Rhg8 18. Bb2 Bxf4 0-1

[Event "MCR_O184"]
[Site "?"]
[Date "2004.??.??"]
[Round "?"]
[White "Novak, Jindrich"]
[Black "Ptacek, Jiri"]
[Result "0-1"]
[WhiteElo "1800"]
[BlackElo "1800"]
[PlyCount "90"]
[EventDate "2004.??.??"]
[EventType "corr"]
[EventRounds "2"]
[SourceDate "2005.03.12"]

1. Nf3 Nf6 2. b3 g6 3. Bb2 Bg7 4. g3 O-O 5. Bg2 Nc6 6. O-O d6 7. d4 e6 8. Nbd2
b6 9. e4 Bb7 10. c4 Re8 11. e5 Nd7 12. Re1 dxe5 13. dxe5 Rb8 14. Qe2 a5 15.
Rad1 Qe7 16. Nb1 Red8 17. Rxd7 Rxd7 18. Nbd2 Na7 19. Ne4 Bxe4 20. Qxe4 c5 21.
Bc1 f6 22. exf6 Qxf6 23. Bh3 Kh8 24. Ne5 Qxe5 25. Qxe5 Bxe5 26. Kg2 Bg7 27.
Rxe6 Rdd8 28. Bg4 Re8 29. Rd6 Red8 30. Bf4 Rxd6 31. Bxd6 Rb7 32. Be6 Bd4 33. a4
g5 34. f4 gxf4 35. gxf4 Rg7+ 36. Kf3 Rg1 37. Ke4 Nc6 38. Bd5 Re1+ 39. Kf5 Ne7+
40. Kg4 Nxd5 41. cxd5 Rg1+ 42. Kf5 Kg8 43. Ke6 Re1+ 44. Kd7 Re3 45. Be7 Kf7 0-1

[Event "MCR_O184"]
[Site "?"]
[Date "2004.??.??"]
[Round "?"]
[White "Novak, Jindrich"]
[Black "Sindelar, Frantisek"]
[Result "0-1"]
[WhiteElo "1800"]
[BlackElo "1823"]
[PlyCount "58"]
[EventDate "2004.??.??"]
[EventType "corr"]
[EventRounds "2"]
[SourceDate "2005.03.12"]

1. Nf3 Nf6 2. b3 d5 3. Bb2 Bg4 4. e3 e6 5. Be2 Bd6 6. d4 O-O 7. Nbd2 Qe7 8. O-O
c5 9. h3 Bh5 10. g4 Bg6 11. Ne5 Nc6 12. f4 Nd7 13. Ndf3 Be4 14. Ng5 Rad8 15.
Nxc6 bxc6 16. Nxe4 dxe4 17. c4 cxd4 18. exd4 Qh4 19. Kg2 g5 20. Bc1 f5 21. Be3
gxf4 22. Bxf4 fxg4 23. Bxd6 Qxh3+ 24. Kg1 g3 25. Bxg3 Qxg3+ 26. Kh1 Qh3+ 27.
Kg1 Kh8 28. Rxf8+ Rxf8 29. d5 Ne5 0-1

[Event "MCR_O184"]
[Site "?"]
[Date "2004.??.??"]
[Round "?"]
[White "Novak, Jindrich"]
[Black "Zabrodsky, Zdenek"]
[Result "1-0"]
[WhiteElo "1800"]
[BlackElo "2000"]
[PlyCount "119"]
[EventDate "2004.??.??"]
[EventType "corr"]
[EventRounds "2"]
[SourceDate "2005.03.12"]

1. Nf3 g6 2. g3 Bg7 3. Bg2 Nf6 4. b3 O-O 5. O-O d5 6. Bb2 c5 7. e3 Bg4 8. d4
cxd4 9. exd4 Nc6 10. Nbd2 Ne4 11. h3 Bxf3 12. Nxf3 Rc8 13. c4 dxc4 14. bxc4 Na5
15. c5 Nxc5 16. Rb1 Ne4 17. Qd3 Nd6 18. Bc3 Nac4 19. Ba1 Qa5 20. Rfe1 e5 21.
dxe5 Nf5 22. g4 Rfd8 23. Qe4 Nh6 24. Rxb7 Qxa2 25. Bd4 Nd2 26. Nxd2 Qxd2 27.
Bxa7 Bf8 28. e6 Rc1 29. exf7+ Nxf7 30. Rb1 Rxe1+ 31. Qxe1 Qxe1+ 32. Rxe1 Rd7
33. Bb6 Re7 34. Ra1 Re8 35. Ba5 Bd6 36. Bd5 Kf8 37. Rd1 Bf4 38. Kg2 g5 39. Rb1
Rb8 40. Bb4+ Kg8 41. Rb3 h6 42. Kf3 Be5 43. Ke4 Bf6 44. Kf5 Bd4 45. Bc3 Rxb3
46. Bxb3 Bxc3 47. Kg6 Bg7 48. Bxf7+ Kh8 49. f3 Bf8 50. Bd5 Bg7 51. h4 gxh4 52.
f4 h3 53. f5 h2 54. f6 Bf8 55. Bf3 Kg8 56. Bh1 Kh8 57. Bd5 Bd6 58. Kxh6 Be5 59.
Kg6 h1=Q 60. Bxh1 1-0

[Event "MCR_O184"]
[Site "?"]
[Date "2004.??.??"]
[Round "?"]
[White "Pressl, Ladislav"]
[Black "Esterka, Jan"]
[Result "1/2-1/2"]
[WhiteElo "1970"]
[BlackElo "1800"]
[PlyCount "82"]
[EventDate "2004.??.??"]
[EventType "corr"]
[EventRounds "2"]
[SourceDate "2005.03.12"]

1. e4 c5 2. Nf3 d6 3. d4 cxd4 4. Nxd4 Nf6 5. Nc3 g6 6. Be3 Bg7 7. f3 O-O 8. Qd2
Nc6 9. O-O-O d5 10. exd5 Nxd5 11. Nxc6 bxc6 12. Bd4 e5 13. Bc5 Be6 14. Ne4 Rb8
15. Bxf8 Qxf8 16. g4 f5 17. gxf5 gxf5 18. Bh3 Nf4 19. Qd6 Bd5 20. Bxf5 Qxd6 21.
Nxd6 Bxf3 22. c3 Bxh1 23. Rxh1 h5 24. Rd1 Kf8 25. Be4 c5 26. Nb7 Ke7 27. Nxc5
Rd8 28. Rxd8 Kxd8 29. b4 Ke7 30. Kc2 Ne6 31. Nxe6 Kxe6 32. a4 Kd6 33. c4 Kc7
34. Kd3 Bf8 35. Kc3 Be7 36. c5 a5 37. Kc4 axb4 38. Kxb4 Kb8 39. Kc4 Bd8 40. Bf3
h4 41. Kb5 Kc7 1/2-1/2

[Event "MCR_O184"]
[Site "?"]
[Date "2004.??.??"]
[Round "?"]
[White "Pressl, Ladislav"]
[Black "Kudr, Roman"]
[Result "1/2-1/2"]
[WhiteElo "1970"]
[BlackElo "1857"]
[PlyCount "50"]
[EventDate "2004.??.??"]
[EventType "corr"]
[EventRounds "2"]
[SourceDate "2005.03.12"]

1. e4 e5 2. Nf3 Nf6 3. d4 Nxe4 4. Bd3 d5 5. Nxe5 Nd7 6. Nxd7 Bxd7 7. O-O Qh4 8.
c4 O-O-O 9. c5 g6 10. Nc3 Bg7 11. g3 Qf6 12. Nxe4 dxe4 13. Bxe4 Qxd4 14. Qf3 c6
15. Rd1 Qxc5 16. Be3 Qb4 17. Rac1 Bxb2 18. Rc2 f5 19. Bxc6 Bxc6 20. Rxc6+ Kb8
21. Bf4+ Ka8 22. Rc7 Rxd1+ 23. Qxd1 Bd4 24. Rd7 Bf6 25. Qd5 Qb1+ 1/2-1/2

[Event "MCR_O184"]
[Site "?"]
[Date "2004.??.??"]
[Round "?"]
[White "Pressl, Ladislav"]
[Black "Novak, Jindrich"]
[Result "0-1"]
[WhiteElo "1970"]
[BlackElo "1800"]
[PlyCount "74"]
[EventDate "2004.??.??"]
[EventType "corr"]
[EventRounds "2"]
[SourceDate "2005.03.12"]

1. Nf3 Nf6 2. d4 d6 3. c4 Bg4 4. e3 c6 5. Nbd2 Nbd7 6. Be2 e5 7. Qb3 Qc7 8. h3
Bh5 9. g4 Bg6 10. Nh4 Be7 11. Nxg6 hxg6 12. g5 Nh5 13. Ne4 O-O 14. Bf3 Nb6 15.
dxe5 dxe5 16. Bd2 Rfe8 17. O-O-O Nd7 18. Bb4 Nf8 19. Bxe7 Rxe7 20. h4 Ne6 21.
Qc3 a5 22. Rd6 a4 23. Rhd1 a3 24. b3 Nf8 25. Bg4 f5 26. gxf6 Nxf6 27. Bf3 N8h7
28. Qc2 Rf8 29. R1d2 Ne8 30. Qd1 Nxd6 31. Nxd6 Nf6 32. Qc2 e4 33. Nxe4 Nxe4 34.
Bxe4 Qe5 35. Bxg6 Re6 36. h5 Ref6 37. Kb1 Qh2 0-1

[Event "MCR_O184"]
[Site "?"]
[Date "2004.??.??"]
[Round "?"]
[White "Pressl, Ladislav"]
[Black "Ptacek, Jiri"]
[Result "1-0"]
[WhiteElo "1970"]
[BlackElo "1800"]
[PlyCount "57"]
[EventDate "2004.??.??"]
[EventType "corr"]
[EventRounds "2"]
[SourceDate "2005.03.12"]

1. e4 e6 2. d4 d5 3. Nd2 c5 4. exd5 exd5 5. Ngf3 Nf6 6. Nb3 cxd4 7. Nbxd4 Be7
8. g3 O-O 9. Bg2 Bg4 10. O-O Nc6 11. Re1 Nxd4 12. Qxd4 Bxf3 13. Bxf3 Qd7 14. c4
b6 15. cxd5 Bc5 16. Qh4 Rae8 17. Rd1 Bd6 18. Bd2 Rd8 19. Bc3 Qf5 20. Bxf6 gxf6
21. Be4 Qg6 22. Bxg6 fxg6 23. Rd2 g5 24. Qh6 Rd7 25. Re2 Be5 26. Rd1 Rff7 27.
Rxe5 fxe5 28. Qxg5+ Rg7 29. Qxe5 1-0

[Event "MCR_O184"]
[Site "?"]
[Date "2004.??.??"]
[Round "?"]
[White "Pressl, Ladislav"]
[Black "Sindelar, Frantisek"]
[Result "0-1"]
[WhiteElo "1970"]
[BlackElo "1823"]
[PlyCount "40"]
[EventDate "2004.??.??"]
[EventType "corr"]
[EventRounds "2"]
[SourceDate "2005.03.12"]

1. e4 e6 2. d4 d5 3. Nd2 c5 4. exd5 Qxd5 5. Ngf3 cxd4 6. Bc4 Qc5 7. Qe2 Nc6 8.
Nb3 Qb6 9. O-O Nge7 10. Rd1 Nf5 11. Bd3 Nd6 12. a4 Be7 13. a5 Qc7 14. Nbxd4
Nxd4 15. Nxd4 O-O 16. Bf4 Qc5 17. Nb5 Nxb5 18. Bxb5 Rd8 19. Bd3 Bf6 20. Bd6
Rxd6 0-1

[Event "MCR_O184"]
[Site "?"]
[Date "2004.??.??"]
[Round "?"]
[White "Pressl, Ladislav"]
[Black "Zabrodsky, Zdenek"]
[Result "1/2-1/2"]
[WhiteElo "1970"]
[BlackElo "2000"]
[PlyCount "84"]
[EventDate "2004.??.??"]
[EventType "corr"]
[EventRounds "2"]
[SourceDate "2005.03.12"]

1. e4 e5 2. Nf3 Nf6 3. Nxe5 d6 4. Nf3 Nxe4 5. d4 d5 6. Bd3 Be7 7. O-O O-O 8.
Re1 Bf5 9. c4 c6 10. Nc3 Nxc3 11. bxc3 Bxd3 12. Qxd3 dxc4 13. Qxc4 Nd7 14. Qb3
Nb6 15. c4 Qc7 16. Bf4 Qd7 17. Rab1 Bf6 18. Be5 Bxe5 19. dxe5 c5 20. Rbd1 Qe6
21. Rd6 Qe7 22. Qd3 Rad8 23. Rd1 Rxd6 24. exd6 Qd8 25. h3 f6 26. Qa3 Nd7 27.
Qxa7 Qa8 28. Qxa8 Rxa8 29. Rb1 Ra6 30. Rxb7 Rxd6 31. Rc7 Kf7 32. Kf1 Ke6 33.
Ra7 Rd1+ 34. Ke2 Rc1 35. Nd2 g6 36. a4 Ra1 37. a5 h5 38. Ne4 Ra2+ 39. Ke3 Ra3+
40. Ke2 Ra2+ 41. Ke3 Ra3+ 42. Ke2 Ra2+ 1/2-1/2

[Event "MCR_O184"]
[Site "?"]
[Date "2004.??.??"]
[Round "?"]
[White "Ptacek, Jiri"]
[Black "Esterka, Jan"]
[Result "1/2-1/2"]
[WhiteElo "1800"]
[BlackElo "1800"]
[PlyCount "69"]
[EventDate "2004.??.??"]
[EventType "corr"]
[EventRounds "2"]
[SourceDate "2005.03.12"]

1. e4 c5 2. Nf3 d6 3. d4 cxd4 4. Nxd4 Nf6 5. Nc3 g6 6. Bb5+ Bd7 7. Bxd7+ Nbxd7
8. O-O Bg7 9. Nde2 O-O 10. Ng3 Nc5 11. Re1 Qb6 12. Rb1 a5 13. Be3 Qc6 14. Bxc5
Qxc5 15. Na4 Qc6 16. b3 b5 17. Nb2 Rfd8 18. c4 bxc4 19. Nxc4 a4 20. Nd2 axb3
21. axb3 Nd7 22. Qc1 Rdc8 23. Qxc6 Rxc6 24. Rbc1 Rxc1 25. Rxc1 Ra1 26. Rxa1
Bxa1 27. Kf1 Bc3 28. Ke2 Nc5 29. Nb1 Bb4 30. Nd2 Bxd2 31. Kxd2 Nxb3+ 32. Ke3 e6
33. Ne2 Kg7 34. f4 Kf6 35. Nc3 1/2-1/2

[Event "MCR_O184"]
[Site "?"]
[Date "2004.??.??"]
[Round "?"]
[White "Ptacek, Jiri"]
[Black "Kudr, Roman"]
[Result "0-1"]
[WhiteElo "1800"]
[BlackElo "1857"]
[PlyCount "58"]
[EventDate "2004.??.??"]
[EventType "corr"]
[EventRounds "2"]
[SourceDate "2005.03.12"]

1. Nf3 c5 2. e4 e6 3. d4 cxd4 4. Nxd4 Nf6 5. Nd2 d5 6. Bb5+ Bd7 7. Bxd7+ Nbxd7
8. exd5 Nxd5 9. O-O Qb6 10. N2b3 Rc8 11. c3 Bd6 12. Re1 O-O 13. Be3 Nxe3 14.
Rxe3 a5 15. a4 Rfd8 16. Qc2 Nf6 17. Nb5 Bxh2+ 18. Kf1 Bf4 19. Rf3 Rc4 20. N3d4
e5 21. Ne2 Ng4 22. Kg1 Bh2+ 23. Kf1 Qxf2+ 24. Rxf2 Ne3+ 25. Ke1 Nxc2+ 26. Kf1
Nxa1 27. g3 Nc2 28. Rxh2 Ne3+ 29. Kg1 Rd1+ 0-1

[Event "MCR_O184"]
[Site "?"]
[Date "2004.??.??"]
[Round "?"]
[White "Ptacek, Jiri"]
[Black "Novak, Jindrich"]
[Result "0-1"]
[WhiteElo "1800"]
[BlackElo "1800"]
[PlyCount "56"]
[EventDate "2004.??.??"]
[EventType "corr"]
[EventRounds "2"]
[SourceDate "2005.03.12"]

1. e4 b6 2. g3 Nf6 3. d3 Bb7 4. Bg2 g6 5. b3 Bg7 6. Bb2 O-O 7. Nf3 e6 8. O-O d5
9. exd5 exd5 10. d4 c5 11. c3 Nc6 12. dxc5 bxc5 13. Nbd2 Qb6 14. Re1 Rad8 15.
Qc2 Ng4 16. h3 Nxf2 17. Kxf2 c4+ 18. Nd4 Nxd4 19. cxd4 Bxd4+ 20. Bxd4 Qxd4+ 21.
Kf1 Ba6 22. bxc4 dxc4 23. Ne4 c3+ 24. Re2 Rfe8 25. Ke1 Qg1+ 26. Bf1 Bxe2 27.
Qxe2 Rxe4 28. Qxe4 Qxg3+ 0-1

[Event "MCR_O184"]
[Site "?"]
[Date "2004.??.??"]
[Round "?"]
[White "Ptacek, Jiri"]
[Black "Pressl, Ladislav"]
[Result "1/2-1/2"]
[WhiteElo "1800"]
[BlackElo "1970"]
[PlyCount "62"]
[EventDate "2004.??.??"]
[EventType "corr"]
[EventRounds "2"]
[SourceDate "2005.03.12"]

1. e4 c5 2. Nf3 Nc6 3. d4 cxd4 4. Nxd4 g6 5. Nxc6 bxc6 6. Bd3 Bg7 7. Nd2 Nf6 8.
Nf3 O-O 9. O-O d5 10. exd5 Nxd5 11. Be4 f5 12. Bxd5+ cxd5 13. c3 Re8 14. Bg5
Rb8 15. Rb1 Qd7 16. Re1 e5 17. Be3 Bb7 18. Qe2 d4 19. Qd1 Be4 20. Ra1 Bxf3 21.
gxf3 Rxb2 22. Bc1 Rbb8 23. cxd4 exd4 24. Rxe8+ Rxe8 25. Qb3+ Qe6 26. Qd3 Kf7
27. Bd2 h6 28. a3 Re7 29. Re1 Qd7 30. Qc4+ Kf6 31. Qa6+ Kf7 1/2-1/2

[Event "MCR_O184"]
[Site "?"]
[Date "2004.??.??"]
[Round "?"]
[White "Ptacek, Jiri"]
[Black "Sindelar, Frantisek"]
[Result "0-1"]
[WhiteElo "1800"]
[BlackElo "1823"]
[PlyCount "70"]
[EventDate "2004.??.??"]
[EventType "corr"]
[EventRounds "2"]
[SourceDate "2005.03.12"]

1. e4 e6 2. d4 d5 3. e5 c5 4. Nf3 cxd4 5. Nxd4 Ne7 6. c3 Nbc6 7. Bb5 Bd7 8. Nf3
Nxe5 9. Bxd7+ Nxd7 10. O-O Nf5 11. b3 Bc5 12. b4 Be7 13. Bb2 Qc7 14. Nd4 Nxd4
15. Qxd4 Bf6 16. Qe3 Nb6 17. Na3 Na4 18. Rab1 Nxb2 19. Rxb2 Qxc3 20. Rb3 Qxe3
21. fxe3 Ke7 22. Rc1 Rhc8 23. Rxc8 Rxc8 24. Rb1 Rc3 25. Rb3 Rc1+ 26. Kf2 Ra1
27. Nb5 Rxa2+ 28. Kf3 a6 29. Nc3 Rc2 30. Ne2 Kd6 31. h3 Rc4 32. Nf4 Bc3 33. Nd3
e5 34. Ke2 e4 35. Nb2 Rxb4 0-1